| 000 | 01247cam a2200289 i 4500 | ||
|---|---|---|---|
| 003 | SA-RiAUC | ||
| 005 | 20241013070458.0 | ||
| 008 | 241013s1985 ||| g 00000 ara c | ||
| 040 |
_aSA-RiKSU _bara _cSA-RiAUC _erda |
||
| 043 | _aa-su--- | ||
| 082 | 0 | 4 | _a390.09 |
| 090 |
_a390.09 _bغ ا م |
||
| 100 | 1 |
_aالغامدي، سعيد فالح _eمؤلف. |
|
| 245 | 1 | 2 |
_aالتراث الشعبي في القرية والمدينة : _bمنطقة الباحة-مدينة جدة / _cسعيد فالح الغامدي. |
| 250 | _aالطبعة الأولى. | ||
| 264 | 1 |
_a[مكان النشر غير محدد] : _bسعيد فالح الغامدي، _c1985 |
|
| 300 |
_a419 صفحة ؛ _c24 سم |
||
| 336 |
_aنص _btxt _2rdacontent _3كتاب |
||
| 337 |
_aبدون وسيط _bn _2rdamedia |
||
| 338 |
_aمجلد _bnc _2rdacarrier |
||
| 650 | 7 |
_aالفولكلور _zالسعودية _zجدة _2aucsh |
|
| 650 | 7 |
_aالأدب الشعبي العربي _zالسعودية _zالباحة _2aucsh |
|
| 651 | 7 |
_aجدة (السعودية) _xحياة وعادات اجتماعية _2aucsh |
|
| 651 | 7 |
_aالباحة (السعودية) _xحياة وعادات اجتماعية _2aucsh |
|
| 942 |
_2ddc _cBOOK _n0 |
||
| 949 |
_aSA-JeALM _d241013 _umohamedma123 _n1 |
||
| 999 |
_c1239 _d1239 |
||